Statistics for 2018 Team Canada Ice Hockey Olympic Team

Click here to take the quiz!

General Stats

  • This quiz has been taken 14 times
  • The average score is 5 of 25

Answer Stats

PositionPlayerHometownClub% Correct
FRené BourqueLac La Biche, AlbertaDjurgardens IF
50%
FWojtek WolskiToronto, OntarioMetallurg Magnitogorsk
43%
FDerek RoyRockland, OntarioLinkoping HC
36%
GKevin PoulinMontreal, QuebecMedvescak Zagreb
36%
FMaxim LapierreBrossard, QuebecHC Lugano
36%
DChris LeeMacTier, OntarioMetallurg Magnitogorsk
29%
FAndrew EbbettVernon, BCSC Bern
21%
GBen ScrivensSpruce Grove, AlbertaSalavat Yulaev Ufa
21%
FRob KlinkhammerLethbridge, AlbertaAK Bars Kazan
21%
FBrandon KozunCalgary, AlbertaLokomotiv Yaraslavl
14%
FChris KellyToronto, OntarioBelleville
14%
FEric O'DellOttawa, OntarioHC Sochi
14%
FGilbert BruléEdmonton, AlbertaKunlun Red Star
14%
GJustin PetersBlyth, OntarioKölner Haie
14%
FMason RaymondCochrane, AlbertaSC Bern
14%
DMat RobinsonCalgary, AlbertaCSKA Moscow
14%
DMaxim NoreauMontreal, QuebecSC Bern
14%
FChristian ThomasToronto, OntarioWilkes-Barre Scranton
7%
DCody GoloubefOakville, OntarioStockton
7%
DKarl StolleryCamrose, AlbertaDinamo Riga
7%
FLinden VeyWakaw, SaskatchewanBarys Astana
7%
DMarc-André GragnaniL'Île-Bizard, QuebecHC Dinamo Minsk
7%
DStefan ElliottVancouver, BCHV71
7%
DChay GenowayMorden, ManitobaLada Togliatti
0%
FQuinton HowdenOakbank, ManitobaDinamo Minsk
0%

Score Distribution

Percentile by Number Answered

Percent of People with Each Score

Your Score History

You have not taken this quiz